Puerto deportivo / por Miguel Ansón
Publicado:
San Jorge, núm. 78 (2n trimestre 1970), pàg 112 :
Otros Autores:
Consejo Económico Sindical (1r : 1970)
MARC
| LEADER | 00000nam a2200000Ia 4500 | ||
|---|---|---|---|
| 001 | |||
| 008 | 160829s9999 xx 000 0 cat d | ||
| 100 | |a Ansón, Miguel |9 21597 | ||
| 245 | |a Puerto deportivo / por Miguel Ansón | ||
| 260 | |a San Jorge, núm. 78 (2n trimestre 1970), pàg 112 | ||
| 650 | |a Costa Daurada |x Turisme |9 40563 | ||
| 650 | |a Ports esportius |x Sitges |9 40564 | ||
| 700 | |a Consejo Económico Sindical (1r : 1970) |9 40565 | ||
| 901 | |a Arxiu | ||
| 942 | |n 1 | ||
| 952 | |0 0 |1 0 |4 0 |7 1 |9 49788 |a Arxiu |b Arxiu |d 2016-12-01 |l 0 |r 2016-12-01 00:00:00 |w 2016-12-01 |y ARXIU | ||
| 999 | |c 53630 |d 53630 | ||